Word Ladder: Gambler's Warning Quiz Stats

Quiz Updated Sep 30, 2016

Challenge
Share
Tweet
Embed
Score 0/16 Timer 02:00
1 Play Today
Clue 4-Letter Word % Correct
Assume a position for a photo shootPOSE
96.7%
Olfactory facial appendageNOSE
94.9%
Finished or having reached the endDONE
94.3%
★ 1995 No Doubt song: '___ Speak' ★★ DON'T ★
93.5%
A null valueNONE
92.9%
Wealthy or trendy and upscalePOSH
92.2%
★ The wife of a lord ★★ LADY ★
90.4%
Surname of two US presidentsBUSH
90.1%
Clue 4-Letter Word % Correct
★ Tie with the dealer in blackjack ★★ PUSH ★
88.9%
Frilly, like the edges of a wedding gownLACY
88.1%
Charlie Brown's field goal holderLUCY
85.2%
To strike aggressively BASH
84.6%
Swedish pop group: Ace of ___BASE
82.9%
To load cargo on a shipLADE
77.8%
★Indianapolis Colts quarterback Andrew ★★ LUCK ★
75%
Cassius: 'I plunged into the Tiber and ___ him follow'BADE
73.9%

Today's Daily Dose

Missing Word
Fruity Song Titles

Quick Pick
Double Blanks

On This Day
June 22nd II

You're not logged in!

Compare scores with friends on all Sporcle quizzes.
Join for Free
OR
Log In

You Might Also Like...

Show Comments

Extras

Top Quizzes Today


Score Distribution

Your Account Isn't Verified!

In order to create a playlist on Sporcle, you need to verify the email address you used during registration. Go to your Sporcle Settings to finish the process.

Report this User

Report this user for behavior that violates our Community Guidelines.

Details: